[Event "Corus"]
[Site "Wijk aan Zee"]
[Date "2004.01.20"]
[Round "9"]
[White "Bologan, Viktor"]
[Black "Akopian, Vladimir Eduardovic"]
[Result "1-0"]
[WhiteElo "2679"]
[BlackElo "2693"]
[Annotator "Lutz,C"]
[PlyCount "117"]
[EventDate "2004.01.10"]
[EventType "tourn"]
[EventRounds "13"]
[EventCountry "NED"]
[EventCategory "19"]
[SourceTitle "CBM 099"]
[Source "ChessBase"]
[SourceDate "2004.03.30"]
[SourceVersion "1"]
[SourceVersionDate "2004.03.30"]
[SourceQuality "1"]

1. d4 {Bologan: 'This was the 6-th time in my life when I played the queen's
pawn to the fourth rank. The good part of it beside surprising the opponents
was that in the second half of the tournament I was motivated by new type of
positions arising after d4. The bad point of it is that it is very difficult
to remember all lines.'} Nf6 2. c4 e6 3. Nf3 d5 4. Nc3 c6 5. e3 Nbd7 6. Bd3 {
Bologan: '[#]'} dxc4 7. Bxc4 b5 8. Bd3 Bb7 9. O-O a6 ({Usually he goes for
more peaceful} 9... b4 {Bologan but against me he tried to confuse me with the
extremely complicated Reinold variation, which is also tart of the best Meran
player's repertoire Alexei Dreev.}) 10. e4 c5 11. d5 Qc7 12. dxe6 fxe6 13. Bc2
Bd6 14. Ng5 Nf8 15. f4 h6 $5 {Obwohl dieser Zug erst einige Male gespielt
wurde, ist er bereits von großere theoretischer Bedeutung, da nach dem bisher
hauptsächlich gespielten 15....0-0-0 Weiß Vorteil zu haben scheint.} (15...
O-O-O 16. Qe1 $1 (16. Qe2 {Bologan} h6 17. Nf3 Bxf4 18. e5 Bxf3 19. Rxf3 Bxe5
20. a4 b4 21. Qxa6+ Kb8 22. Be3 Bd4 23. Bxd4 cxd4 24. Rxf6 $2 {Klimov, S -
Filippov, V/2003 Ch Russia} (24. Nb5 Qc5 (24... Qb7 25. Qa5 N8d7 26. Nxd4 $16)
25. Bd3 $16)) 16... e5 17. Nd5 $1 Bxd5 18. exd5 exf4 19. a4 $1 $40 {1-0 Shirov,
A-Dreev,A/Sarajevo 2002/CBM 90/[Lutz] (39)}) 16. e5 O-O-O 17. exd6 {Dieser Zug
wurde bislang fast ausschließlich gespielt. Er hat aber den Nachteil, dass die
h-Linie für den Rh8 geöffnet wird.} (17. Nf7 $5 {und in Piket,J/Khenkin,I/
FRA-chT 1999 wurde hier bereits ein Remis vereinbart. Dennoch erscheint mir
dieser Zug kritisch für die Bewertung von 15..h6, da der Rh8 nicht ins Spiel
kommt, z.B.} Qxf7 18. exd6 Qd7 19. Be3 Qc6 (19... Qxd6 20. Qxd6 Rxd6 21. Bxc5
$14 {ist einfach besser für Weiß.}) 20. Qe2 Rxd6 {, und obwohl Schwarz einen
Bauern gewonnen hat, ist er nicht aller Sorgen ledig, da sein König gefährdet
steht. Diese Variante benötigt zu einer genaueren Einschätzung weitere Tests.})
17... Rxd6 18. Qe2 hxg5 {Bologan: 'I remembered the line up to this point,
which already was a very good performance for beginner. I also remembered that
the Knight should go to e4 at some stage. The logical question whether to
include a4 or not before jumping to e4 took me some time, which finally led to
a novelty.'} 19. Ne4 $5 $146 {Bologan: 'I decided to delay with a4 first
because that in some possible endings Black pawns are simply closer for
queening and second that at some time White can first play b4 and only then a4.
All these general thoughts are of course not exactly necessary to be followed.'
} (19. a4 b4 20. Ne4 Rd5 21. h3 $146 (21. Nxf6 gxf6 22. Be4 Rd4 23. Bxb7+ Kxb7
24. Qf3+ Rd5 25. h3 gxf4 26. Bxf4 Qc6 27. Rae1 Rg8 $17 {0-1 Kruppa,Y-Dreev,A/
Chalkidiki 2002/CBM 92 (51)}) 21... gxf4 22. Bxf4 e5 23. Be3 Ne6 24. Nxf6 gxf6
25. Be4 $6 (25. Rxf6 $5) (25. Qg4 {(Bologan) Kruppa,Komarov} Qd7 26. Bf5 Re8
27. Rac1 $16) 25... Rd6 26. Bxb7+ Kxb7 27. Qf3+ Qc6 28. Qxc6+ Kxc6 29. Rxf6 Nd4
$15 {0-1 Lastin,A-Ivanov,S/Krasnoyarsk 2003/CBM 98/[Lutz] (40)} 30. Rf2 {
Bologan} c4 $15 {Lastin, Al - Ivanov, S/2003 Ch Russia}) (19. fxg5 Rd4 20. h3 (
20. g3 $2 Qc6) 20... Rxh3 $1 21. Bf4 Rxf4 22. gxh3 Rxf1+ 23. Kxf1 Qf4+ $40)
19... Bxe4 $2 {Dieser Zug sieht falsch aus. Der Bb7 ist sowohl im Angriff als
auch in der Verteidigung eine wichtige Figur, während nun der weißfeldrige
Läufer von Weiß gefährlich wird.} (19... Rd5 $5 {sieht wie der richtige Zug
aus, analog zu den obigen Partien nach 19.a4 b4 20.Ne4 Rd5. Bologan: 'was of
course possible, after which I can always transpose to the Lastin's game after'
} 20. a4 {Bologan}) 20. Bxe4 c4 (20... Rd4 21. Bf3 gxf4 22. a4 $44 {gibt Weiß
kräftige Kompensation für die beiden Bauern.}) (20... Nxe4 {Bologan} 21. Qxe4
Rd5 (21... Qc6 22. Qxc6+ Rxc6 23. fxg5 e5 24. Bd2 Ne6 25. Rae1 Rd8 26. Bc3 Nxg5
27. Rxe5 Ne6 28. a3 $14) 22. a4 $44) 21. Bc2 $1 $14 {Bologan: 'Played after
long thought. I understand that it is a bit passive, but much more important
is to keep the bishops pair.'} (21. a4 $5 {Bologan} gxf4 22. Bxf4 Qc5+ 23. Kh1
Rd4 $13) (21. Bf3 {Bologan} g4 $5 (21... Rd3) 22. Bxg4 Nxg4 23. Qxg4 Qc5+ 24.
Kh1 Rd5) 21... g4 {Bologan: 'It is hard to say what was better for Black.'} ({
For example after} 21... gxf4 {Bologan} 22. Bxf4 Qc5+ {White can simply defend
with} 23. Rf2 $16) 22. Be3 Rd5 {Schwarz kommt zur Verdopplung auf der h-Line,
ohne den Bb7 fehlt jedoch seinem Angriff die Durchschlagskraft. Im Gegenzug
kann Weiß am Damenflügel anrollen. Der schwarze Mehrbauer spielt momentan
keine Rolle.} 23. g3 Rdh5 {Bologan: 'It is easy to defend against Black's
threats, while it is never late to start an attack on the queen's side.'} (
23... N8d7 $5 24. b3 c3 25. a4 $36) 24. Rf2 N8d7 25. a4 {Bologan: 'Starting
the queen's side attack.'} Qc6 (25... b4 {Bologan} 26. Bg6 Rh3 27. Rc1) 26.
axb5 axb5 27. b3 $1 $16 {Bologan: 'Discovering Black's King position more and
more.'} c3 ({Bologan: On} 27... Rh3 $5 {Bologan: 'of course I should stick to'}
28. Rg2 $16 ({Bologan: but not} 28. bxc4 $2 Rxg3+ 29. Rg2 Qxg2+ 30. Qxg2 Rxg2+
31. Kxg2 Rh3 $17) 28... c3 29. Bd4 $16 {Bologan: 'would be safer.'}) 28. Bd4
$16 {Die weißen Läufer kontrollieren das Brett, die schwarzen Springer können
ihnen wenig entgegensetzen.} Rh3 29. Qd3 Nd5 (29... b4 $1 {Bologan} 30. Ra4 (
30. Rg2 $5 $44) 30... Nc5 (30... Nd5 31. Ra6 Qb7 32. Qc4+ Kd8 33. Rxe6 Nxf4 34.
Be4) 31. Qc4 Rxg3+ 32. Kf1 Rf3 33. Rxf3 Rxh2 $1 $132 {Notkin}) 30. Bxg7 Nc5 31.
Qd4 R8h5 32. f5 Nb4 ({From practical point of view} 32... Rxg3+ $1 {(Bologan)
was much stronger.} 33. hxg3 Ne3 $8 ({Bad is} 33... Nf4 34. Rxf4 Qh1+ 35. Kf2
Rh2+ 36. Ke3) 34. Ra8+ $1 {This is a key trick in many lines for White.} Kb7 (
34... Qxa8 35. Qxc5+) 35. Be4 $3 {Everything is hanging - usual situation in
Reinold variation.} Qxe4 36. Ra7+ Kxa7 {anyway White is forcing Black to take
the rook.} (36... Kc6 37. Rc7+) (36... Kb6 37. Qd6+) 37. Qxc5+ Kb7 38. Qxb5+
Kc8 39. Qe8+ Kc7 40. Qxh5 c2 41. Bb2 $18) 33. Be5 {Bologan: 'Enough to play
with fire. I decided to enforce the g3 point.'} (33. Qxb4 {Bologan} Rxg3+ 34.
Kf1 Rf3) (33. Qxc3 {Bologan} Nbd3 $1) 33... Qd5 (33... Nxc2 {Bologan} 34. Rxc2
Rxf5 35. Qxc3) 34. Ra8+ $1 ({The exchange sacrifice} 34. Qxc3 {Bologan} Nc6 35.
Bg7 $18 {leads to hopeless position for Black.}) 34... Qxa8 35. Qxc5+ Nc6 36.
Be4 $138 {Bologan: 'I missed the pin from a7.'} (36. Bb1 $18 {nebst Ra2
gewinnt schneller.}) (36. Bxc3 $18 {Bologan}) 36... Qa1+ 37. Rf1 Qa7 $1 38.
Qxa7 Nxa7 39. Bxc3 exf5 40. Bxf5+ Kb7 {Bologan: 'The first time control is
over and White is technically winning.'} 41. Bxg4 (41. Rf2 {Bologan suggested
by Akopian was more precise.} Rh7 42. Bxh7 Rxh7 43. Rf4 $18) 41... Rxh2 42.
Rf7+ Kb8 43. Bxh5 Rxh5 44. Kg2 $18 {So hat Weiß "nur" einen Mehrbauern, aber
da der Bc3 stärker ist als der Springer, reicht dieser Vorteil zum Gewinn.} Nc6
45. g4 Rd5 46. Bf6 $18 {Bologan: 'The R+B construction first helps the g pawn
for queening and also cuts-off the king.'} Kc8 47. Kg3 Rd7 48. Rf8+ Kc7 49. g5
Rd1 50. Kf2 Rd2+ 51. Kf3 Rd3+ 52. Kf4 Rd1 53. g6 Nd4 54. Rf7+ Kd6 55. Bxd4
Rxd4+ 56. Kf5 Rd5+ 57. Kg4 Ke6 58. Rf3 Rd1 59. g7 (59. g7 Rg1+ 60. Rg3 Rxg3+
61. Kxg3 Kf7 62. Kf4 Kxg7 63. Ke5 $18) 1-0

[Event "RUS-Cup10"]
[Site "Tomsk"]
[Date "1997.07.27"]
[Round "6"]
[White "Belozerov, Andrei"]
[Black "Averchenko, Sergej"]
[Result "1-0"]
[WhiteElo "2450"]
[BlackElo "2305"]
[Annotator "Lutz,C"]
[PlyCount "61"]
[EventDate "1997.07.21"]
[EventType "swiss"]
[EventRounds "9"]
[EventCountry "RUS"]
[SourceTitle "EXT 2000"]
[Source "ChessBase"]
[SourceDate "1999.11.16"]
[SourceVersion "1"]
[SourceVersionDate "1999.11.16"]
[SourceQuality "1"]

1. d4 d5 2. c4 c6 3. Nc3 Nf6 4. Nf3 e6 5. e3 Nbd7 6. Bd3 dxc4 7. Bxc4 b5 8. Bd3
a6 9. e4 c5 10. d5 c4 11. dxe6 fxe6 12. Bc2 Qc7 13. O-O Bd6 $6 (13... Bb7) 14.
Nd4 Nb6 15. Kh1 Bd7 16. f4 e5 17. Nf5 $5 {Als kritisch gilt 17.Nf3 :} (17. Nf3
Bg4 18. a4) 17... Bxf5 18. exf5 O-O 19. a4 b4 20. a5 Nbd7 21. Ne4 Be7 $2 {
Schwarz darf den weißen Springer nicht nach g5 lassen. Besser 21....Nxe4 :} (
21... Nxe4 22. Bxe4 Rad8 23. Bd5+ Kh8 24. Qe2 exf4 25. Bxc4 Rxf5 26. Bd3 Re5
27. Qf3 Rxa5 28. Rxa5 Qxa5 29. Bxf4 Bxf4 30. Qxf4 Nf6 31. Bc4 Qb6 32. b3 a5 33.
h3 h6 34. Re1 Qd4 35. Qxd4 Rxd4 36. Ra1 {Kaakinen,M-Pakkanen,J/Helsinki SKF op
1990/EXT 90op2/1/2-1/2 (47)}) 22. Ng5 $16 Qb7 (22... Nc5 23. Qe2) 23. Qe2 Qb5
24. Ba4 Qxa5 25. Bxd7 (25. Qxc4+ Kh8 26. Qe6 $18) 25... Qxa1 26. Be6+ Kh8 27.
fxe5 $18 c3 28. exf6 Bxf6 29. Nxh7 cxb2 30. Qh5 g6 31. fxg6 1-0

[Event "RUS-Cup10"]
[Site "Tomsk"]
[Date "1997.07.21"]
[Round "1"]
[White "Averchenko, Sergej"]
[Black "Galkin, Alexander"]
[Result "0-1"]
[WhiteElo "2305"]
[BlackElo "2540"]
[Annotator "Lutz,C"]
[PlyCount "75"]
[EventDate "1997.07.21"]
[EventType "swiss"]
[EventRounds "9"]
[EventCountry "RUS"]
[SourceTitle "EXT 2000"]
[Source "ChessBase"]
[SourceDate "1999.11.16"]
[SourceVersion "1"]
[SourceVersionDate "1999.11.16"]
[SourceQuality "1"]

1. d4 d5 2. c4 c6 3. Nf3 Nf6 4. Nc3 e6 5. e3 Nbd7 6. Bd3 dxc4 7. Bxc4 b5 8. Bd3
Bb7 9. O-O a6 10. e4 c5 11. d5 c4 12. dxe6 fxe6 13. Bc2 Qc7 14. Qe2 Bd6 15. h3
$6 {Dier Zug erscheint wenig pointiert. Besser sind 15.Nd4 oder 15.Ng5, um den
schwachen Pe6 anzugreifen.} (15. Nd4) (15. Ng5) 15... O-O 16. Be3 Rae8 17. Rad1
Bb4 18. Bd2 Bc5 19. Be3 Bb4 20. Bd2 Bc5 21. Be3 Re7 22. a3 Nh5 23. Bxc5 Nxc5
24. Qe3 Nf4 25. Ne2 e5 26. Ng3 g6 $15 {Wegen seiner aktivern Leichtfiguren
steht Schwarz besser.} 27. Qc3 $2 Nxe4 28. Qe3 Nc5 29. Ne4 Ncd3 30. b3 Bxe4 31.
Qxe4 Qb7 32. Bxd3 Nxd3 33. Qh4 e4 34. Nd4 cxb3 35. Nxb3 Ref7 36. Rd2 Qc7 37.
Re2 Qc3 38. Nd2 0-1

[Event "RUS-Cup9"]
[Site "Novgorod"]
[Date "1997.06.16"]
[Round "5"]
[White "Khatov, Anton"]
[Black "Beshukov, Sergei"]
[Result "0-1"]
[WhiteElo "2360"]
[BlackElo "2435"]
[Annotator "Lutz,C"]
[PlyCount "64"]
[EventDate "1997.06.11"]
[EventType "swiss"]
[EventRounds "9"]
[EventCountry "RUS"]
[SourceTitle "CBM 060"]
[Source "ChessBase"]
[SourceDate "1997.09.29"]
[SourceVersion "1"]
[SourceVersionDate "1997.09.29"]
[SourceQuality "1"]

1. d4 d5 2. c4 e6 3. Nc3 c6 4. e3 Nf6 5. Nf3 Nbd7 6. Bd3 dxc4 7. Bxc4 b5 8. Bd3
a6 9. e4 c5 10. d5 c4 11. Bc2 Qc7 12. O-O Bb7 13. Nd4 Nc5 14. b4 cxb3 15. axb3
b4 16. Na4 Ncxe4 17. Bxe4 Nxe4 18. dxe6 Bd6 19. g3 $146 {Beide Spieler sind
bislang der Begegnung Kasparov-Kramnik (Dos Hermanas 1996) gefolgt, die
Kramnik spektakulär gewinnen konnte. Der Texzug ist neu.} (19. exf7+ {0-1
Kasparov,G-Kramnik,V/Dos Hermanas 1996/CBM 53 (35)}) 19... O-O 20. f3 Bxg3 $5 (
20... Nc3 $5) 21. Qe2 $2 $19 {Damit ist die Partie auch schon vorbei.} (21. Ra2
Bf2+ 22. Rfxf2 Nxf2 23. Rxf2 $13 {(Fritz) führt zu einer unklaren Stellung.})
21... Be5 22. Be3 Nc3 23. Nxc3 bxc3 (23... Qxc3 $2 24. Rac1) 24. Ra4 Qe7 25. f4
Bf6 26. Qg4 fxe6 27. Nxe6 Rfe8 28. f5 Bd5 29. Bc5 Qf7 30. Ng5 Qc7 31. Bd4 c2
32. Rc1 Re1+ $1 (32... Re1+ 33. Rxe1 c1=Q 34. Rxc1 Qxc1+ $19) 0-1

[Event "FIDE-Wch k.o."]
[Site "Groningen"]
[Date "1997.12.11"]
[Round "2.1"]
[White "Graf, Alexander"]
[Black "Dreev, Alexey"]
[Result "1/2-1/2"]
[WhiteElo "2585"]
[BlackElo "2640"]
[Annotator "Lutz,C"]
[PlyCount "71"]
[EventDate "1997.12.09"]
[EventType "k.o."]
[EventRounds "7"]
[EventCountry "NED"]
[SourceTitle "CBM 063"]
[Source "ChessBase"]
[SourceDate "1998.03.26"]
[SourceVersion "1"]
[SourceVersionDate "1998.03.26"]
[SourceQuality "1"]

1. d4 d5 2. c4 c6 3. Nf3 Nf6 4. Nc3 e6 5. e3 Nbd7 6. Bd3 dxc4 7. Bxc4 b5 8. Bd3
Bb7 9. O-O a6 10. e4 c5 11. d5 Qc7 12. Bc2 $6 (12. dxe6 $142 fxe6 13. Bc2)
12... Bd6 $5 {Leitet zu Sadler-Dreev aus dem gleichen Turnier über, nutzt aber
die weiße Ungenauigkeit nicht aus.} (12... O-O-O $1 13. dxe6 Ne5 $1 $36 {
Lautier,J-Gelfand,B (FIDE-Wch Groningen 1997)}) 13. dxe6 fxe6 14. Ng5 Nf8 15.
f4 O-O-O 16. Qe2 $5 (16. Qe1 {Sadler,M-Dreev,A (FIDE-Wch Groningen 1997)})
16... h6 17. Nf3 (17. e5 hxg5 18. exd6 Qxd6 $132 {/\} 19. h3 Nh5 {(A.Filipenko)
}) 17... Bxf4 18. e5 $6 (18. Bxf4 Qxf4 19. g3 $13 {(A.Filipenko)}) 18... Bxf3
$1 19. Qxf3 Bxe5 20. Qa8+ Kd7 21. Qxa6 Bxh2+ (21... Ke7 $6 22. h3 {/\} Bd4+ 23.
Kh1 Nh5 24. Ne2 {(A.Filipenko)}) 22. Kh1 Ke7 23. Be3 $1 Qe5 24. Rf3 N8d7 25.
Re1 Qd6 26. Qxb5 Rb8 27. Qe2 Bg3 (27... Rxb2 28. Bc1 $5 {(A.Filipenko)}) 28.
Rd1 Qe5 29. Bb3 Rb4 (29... Rb6 $5 {(A.Filipenko)}) 30. Bxe6 $1 Qxe6 31. Rxg3
Kf7 32. Qc2 Rg4 33. Rxg4 Nxg4 34. Qe4 Nxe3 35. Qxe6+ Kxe6 36. Re1 1/2-1/2

[Event "Sarajevo Bosnia 32nd"]
[Site "Sarajevo"]
[Date "2002.05.27"]
[Round "6"]
[White "Shirov, Alexei"]
[Black "Dreev, Alexey"]
[Result "1-0"]
[WhiteElo "2704"]
[BlackElo "2677"]
[Annotator "Lutz,C"]
[PlyCount "77"]
[EventDate "2002.05.22"]
[EventType "tourn"]
[EventRounds "9"]
[EventCountry "BIH"]
[EventCategory "16"]
[SourceTitle "CBM 090"]
[Source "ChessBase"]
[SourceDate "2002.09.20"]
[SourceVersion "1"]
[SourceVersionDate "2002.09.20"]
[SourceQuality "1"]

1. d4 {Ftacnik.  Es ist bemerkenswert, dass Shirov, der in den letzten Jahren
fast immer 1.e4 spielt, nun zu seiner alten Liebe 1.d4 greift. Wie man bald
sieht, geschieht dies nicht ohne Grund.} d5 2. c4 c6 3. Nc3 Nf6 4. Nf3 e6 5. e3
Nbd7 6. Bd3 dxc4 7. Bxc4 b5 8. Bd3 Bb7 9. O-O a6 10. e4 c5 11. d5 Qc7 12. dxe6
fxe6 13. Bc2 Bd6 14. Ng5 Nf8 15. f4 O-O-O 16. Qe1 (16. Qe2 {1/2-1/2 Radjabov,
T-Dreev,A/Sarajevo 2002/[Lutz] (28)}) 16... e5 17. Nd5 $1 {Dieses Bauernopfer
ist aus Piket-Khalifman (Dortmund 2000) bekannt und stellt eine der kritschen
Stellungen in der Reynolds-Variante 11.d5 dar.} Bxd5 (17... Nxd5 18. exd5 exf4
19. Bd2 $1 b4 20. Rc1 Kb8 21. Bb3 a5 22. a3 $40 {1-0 Krasenkow,M-Almasi,Z/
Polanica Zdroj 2000/CBM 79/[Lutz] (50)}) 18. exd5 exf4 19. a4 $1 $146 {Eine
Neuerung, die, wie so oft, eigentlich ganz offensichtlich ist. Der schwarze
König hat sich am Damenflügel versteckt. Was liegt also näher, als dort die
Bauern anzuknacken?} (19. Bd2 Re8 20. Qh4 Ng6 (20... h6 21. a4 b4 22. Rac1 Kb7
23. Rfe1 Ng6 24. Bxg6 hxg5 25. Qxg5 Ref8 26. h4 Nd7 (26... c4 $5) 27. Be4 Qd8
28. Qxd8 Rxd8 29. Bf5 Rxh4 30. Re6 Nf6 31. Rc4 Kb8 32. g3 Rh5 33. Rxd6 Rxd6 34.
Bxf4 Rxf5 35. Bxd6+ Kb7 36. Bxc5 Nxd5 37. Bxb4 Nxb4 38. Rxb4+ Kc6 39. Kg2 Kc5
40. Rb7 Rd5 41. Rxg7 Kb4 42. Rg4+ Kb3 43. Rf4 Kxb2 44. g4 Kc3 45. Kf3 {1-0
Zhukova,N-Shumiakina,T/Herceg Novi 2001/CBM 82 ext (45)}) 21. Qh3+ Kb8 22. a4
b4 23. Rad1 $36 {1/2-1/2 Piket,J-Khalifman,A/Dortmund 2000/CBM 78/[Lutz] (34)})
19... b4 (19... Re8 $5 20. Qc3 (20. Qh4 {Ftacnik} b4 21. Bf5+ Kb8 $13) 20...
Nxd5 21. Qf3 Re5 22. Ne4) 20. Qe2 c4 {Scheinbar hat Schwarz das Feld c4 in
Griff, aber ...} (20... Kb7 {Ftacnik} 21. Bd3 Ra8 22. Rd1 $36) 21. b3 $1 {
Ftacnik: 'Most likely Shirov had this very position on the board in the
process of preparation. Without white squared bishop black's queenside is very
compromised. '  ... Weiß reißt den Damenflügel auf.} h6 (21... Qc5+ {Ftacnik}
22. Kh1 Qxd5 23. Qxc4+ Qxc4 24. bxc4 $16) (21... cxb3 $2 {Ftacnik} 22. Qxa6+
Qb7 23. Qxb7+ Kxb7 24. Bxb3 $18) 22. Ne6 Nxe6 23. dxe6 Nd5 (23... Rhe8 {Ftacnik
} 24. bxc4 f3 25. gxf3 Be5 26. Rb1 $14) 24. bxc4 Nc3 (24... Ne3 {Ftacnik} 25.
Bxe3 fxe3 26. Rf7 Qc6 (26... Bxh2+ {Ftacnik} 27. Kh1 Qe5 28. Qf3 Qxa1+ 29. Bb1
$1 Qxb1+ 30. Kxh2 $18) 27. c5 Bxc5 28. Be4 Rd2 29. Bxc6 Rxe2 30. e7 Bxe7 31.
Rxe7 $16) 25. Qf3 $16 {Die schwarze Königsstellung ist sperrangelweit geöffnet
und der Be6 ist mehr als lästig. Die schwarzen Nachteile kann auch nicht der
imposante Springer auf c3 wettmachen.} Qb7 {'?!' Ftacnik. Ftacnik: 'Dreev did
not find the courage to take the pawn on c4, but against passive defense white
has easier task of enhancing initiative.'} (25... Qxc4 $5 {Ftacnik} 26. Kh1 Kb8
27. Bxf4 (27. Bd3 {Ftacnik} Qxe6 28. Bxa6 Qd5 $11) 27... Bxf4 (27... Qxe6 {
Ftacnik} 28. Qc6 $16) 28. Qxf4+ Qxf4 29. Rxf4 a5 30. Re1 $14) 26. Qh3 Kb8 27.
Kh1 Qc7 28. Bb2 Be5 (28... Qxc4 $5) 29. Rae1 Bf6 30. Bg6 Qxc4 31. Qf3 Be7 32.
Rc1 Rc8 33. Bxc3 bxc3 34. Rb1+ $18 Bb4 35. Rxb4+ Qxb4 36. Rb1 Qxb1+ 37. Bxb1 g5
38. h4 Rc5 39. Qd3 1-0

[Event "WchT 4th"]
[Site "Luzern"]
[Date "1997.10.28"]
[Round "4.3"]
[White "Sadler, Matthew D"]
[Black "Dreev, Alexey"]
[Result "1-0"]
[WhiteElo "2665"]
[BlackElo "2640"]
[Annotator "Lutz,C"]
[PlyCount "123"]
[EventDate "1997.10.25"]
[EventType "team-tourn"]
[EventRounds "9"]
[EventCountry "SUI"]
[SourceTitle "CBM 062"]
[Source "ChessBase"]
[SourceDate "1998.01.31"]
[SourceVersion "1"]
[SourceVersionDate "1998.01.31"]
[SourceQuality "1"]
[WhiteTeam "England"]
[BlackTeam "Russia"]
[WhiteTeamCountry "ENG"]
[BlackTeamCountry "RUS"]

1. d4 d5 2. c4 c6 3. Nf3 Nf6 4. Nc3 e6 5. e3 Nbd7 6. Bd3 dxc4 7. Bxc4 b5 8. Bd3
Bb7 9. O-O a6 10. e4 c5 11. d5 Qc7 12. dxe6 fxe6 13. Bc2 O-O-O {Dreevs Idee.} (
13... c4) 14. Ng5 Ne5 15. Qe2 (15. Qe1 {1/2-1/2 Bareev,E-Dreev,A/RUS-ch 1996/
CBM 56/[Lutz] (23)}) 15... Re8 16. f4 $1 {Dier Zug ist natürlicher als 16.Bf4.
Weiß strebt nach der Kontrolle über f4 und e5. Diese Partie ist kritisch für
Dreevs Idee.} (16. Bf4 $6 {1-0 Landa,K-Galliamova Ivanchuk,A/RUS-Cup9 1997/CBM
60/[Lutz] (77)}) 16... Nc6 17. Nf3 g5 $5 {Nach anderenZügen folgt ebenfalls 18.
e5.} (17... Nd4 18. Nxd4 cxd4 19. Nd1 $5 {Sadler}) 18. e5 (18. fxg5 Ng4 {
[%csl Re5,Rf4,Rh2][%cal Yc7h2,Yc6d4,Yf8d6] /\ ...Nd4, /\ ...Bd6}) (18. Nxg5 Nd4
19. Qd1 Nxc2 20. Qxc2 h6 21. Nf3 b4) 18... g4 19. exf6 gxf3 20. Qxf3 Nd4 21.
Qh5 Be7 22. f7 {Möglicherweise hat Schwarz diesen Zug unterschätzt. Der Bauer
bereitet Schwarz noch kräftige Kopfschmerzen.} Rd8 (22... Ref8 $5) 23. Be4 b4
24. Bxb7+ Kxb7 $6 (24... Qxb7 25. Ne2 Rd5 26. f5 (26. Qg4 $2 h5 27. Qg8+ Rd8)
26... Rxf5 (26... Nxf5 27. Qh3 {/\ Nf4}) 27. Rxf5 Nxf5 {war kritisch 
(Varianten gemäß Sadler)}) 25. Ne2 Bf6 26. f5 $1 exf5 27. Nxd4 Bxd4+ 28. Kh1
Rhf8 29. Rxf5 Rd7 30. Bf4 $1 Rdxf7 (30... Qc6 31. Bh6 $18) 31. Bxc7 Rxf5 32.
Qe2 Kxc7 33. h3 Re5 $2 (33... R8f6 $5 $16 {Sadler}) 34. Qxa6 $18 Rf2 35. a3 b3
36. Qa5+ Kc8 37. Qa8+ Kc7 38. Qa5+ Kc8 39. Qa6+ Kc7 40. Qa7+ Kc8 41. Qxh7 Ree2
42. Qa7 Rxg2 43. Qa8+ Kc7 44. Qxg2 Rxg2 45. Kxg2 Kc6 46. Kf3 c4 47. Rb1 Bf6 48.
Ke4 Kc5 49. h4 Bh8 50. h5 Bg7 51. Ke3 Kb5 52. Ke4 Kc5 53. Ke3 Kb5 54. Kd2 Bh6+
55. Kd1 Bg7 56. a4+ Ka5 57. Kd2 Kb4 58. a5 Bh6+ 59. Kd1 Kxa5 60. Ra1+ Kb4 61.
Ra6 Be3 62. Re6 1-0